000 01336nam a2200133Ia 4500
008 220620s9999||||xx |||||||||||||| ||und||
020 _a9783040000000
245 0 _aAdvances in East Asian Agricultural Origins Studies: The Pleistocene to Holocene Transition
546 _aEnglish[eng]
650 _amicroblade technology||broad spectrum revolution||Pleistocene to Holocene transition||origin of food production||hunter–gatherers||macroecology||Constructing Frames of Reference||palaeoenvironment||Hokkaido||terminal Pleistocene||initial Holocene||climate fluctuation||8.2 ka BP cooling event||transitional sites||Early Neolithic||adaptive strategy||North China||Paleolithic Taiwan||aquatic-focused foraging||Neolithic Taiwan||agricultural adoption||niche variation theory||invasion theory||prey choice model||complex hunting–gathering||Paleolithic–Neolithic transition||aquatic utilization||China||bronze age||hunter gatherers||interaction||irrigation system||Jomon people||Korean Peninsula||wet rice cultivation||dry-field farming||first farmers||Jomon||paddy rice farming||sedentarised hunter-gatherers||Yayoi||n/a||East Asia||origins of agriculture||paleolithic to Neolithic transition
700 _aYu, Pei-Lin||Kazunobu, Ikeya||Zhang, Meng
856 _uhttps://mdpi.com/books/pdfview/book/5155
942 _cEB
999 _c33167
_d33167